[Event "XXVIII Festival Conca della Presolana A"]
[Site "Bratto - Castione della Presolana ITA"]
[Date "2008.08.26"]
[Round "5"]
[White "De Haan, Eric"]
[Black "Bentivegna, Francesco"]
[Result "1-0"]
[WhiteElo "2356"]
[BlackElo "2329"]
[PlyCount "217"]
[EventDate "2008.08.22"]

1. d4 Nf6 2. c4 e5 3. dxe5 Ng4 4. Bf4 Nc6 5. Nf3 Bb4+ 6. Nbd2 Qe7 7. e3 Ngxe5
8. Nxe5 Nxe5 9. Be2 d6 10. O-O a5 11. Nb1 Be6 12. a3 Bc5 13. Nc3 O-O 14. b3 f5
15. Na4 Ba7 16. c5 Qf7 17. cxd6 Bxb3 18. Qc1 cxd6 19. Nc3 Rac8 20. Qd2 Ng6 21.
Bg3 Bc5 22. Bf3 Ne5 23. Bd5 Bxd5 24. Nxd5 Nc4 25. Qd3 Nxa3 26. Rfd1 b5 27. Rxa3
Bxa3 28. Qxa3 b4 29. Qxa5 b3 30. Qa3 Qb7 31. Nb4 Qf7 32. h3 Ra8 33. Qb2 Ra4 34.
Nd5 Qb7 35. Rd3 Ra5 36. Nc3 d5 37. Nb1 Rb5 38. Nd2 Rf6 39. Rxb3 Rxb3 40. Qxb3
Qxb3 41. Nxb3 Rb6 42. Nd4 g6 43. Kh2 Rb2 44. f3 Kf7 45. Be5 Ra2 46. Kg3 Rd2 47.
h4 h5 48. Nb5 Ke6 49. Bf4 Rd1 50. Bh6 Rb1 51. Nd4+ Kf7 52. Kf4 Rb2 53. g3 Rg2
54. Bg5 Rg1 55. Bd8 Rg2 56. Bc7 Rg1 57. Kg5 Re1 58. Bf4 Ra1 59. Nb5 Rf1 60. Nd4
Ra1 61. Nc6 Ra6 62. Ne5+ Kg7 63. Nd3 Kf7 64. Nb4 Ra5 65. Be5 Rb5 66. Nc6 Rb6
67. Nd4 Rb1 68. Kh6 Re1 69. Bf4 Ra1 70. Nc6 Ra6 71. Nb4 Ra5 72. Nd3 Ra6 73. Nb4
Ra5 74. Bd6 Ra8 75. Nd3 Kf6 76. Be5+ Kf7 77. Nf4 Ra2 78. Kg5 Ra8 79. Nxd5 Ra5
80. e4 fxe4 81. fxe4 Ra4 82. Kf4 Ra2 83. Bd4 Ra4 84. Ke5 Ra2 85. Be3 Ra8 86.
Bg5 Ra4 87. Bf4 Rc4 88. Ne3 Ra4 89. Kd5 Ra5+ 90. Kd4 Ke6 91. Nc4 Rb5 92. Nd2
Rb4+ 93. Kc5 Ra4 94. Nf3 Ra1 95. Nd4+ Ke7 96. e5 Ra5+ 97. Kc4 Ke8 98. Kd3 Rc5
99. Ke4 Ra5 100. e6 Rc5 101. Bd6 Ra5 102. Nf3 Rb5 103. Nd4 Ra5 104. e7 Kd7 105.
Bb4 Ra4 106. Bc5 Ra5 107. Ne6 Ra1 108. Ng7 Re1+ 109. Kf4 1-0

[Event "XXVIII Festival Conca della Presolana A"]
[Site "Bratto - Castione della Presolana ITA"]
[Date "2008.08.26"]
[Round "5"]
[White "De Nardi, Riccardo"]
[Black "Sbarra, Marco"]
[Result "1/2-1/2"]
[WhiteElo "1982"]
[BlackElo "2236"]
[PlyCount "84"]
[EventDate "2008.08.22"]

1. e4 e5 2. Nf3 Nc6 3. d4 exd4 4. Bc4 Nf6 5. O-O Nxe4 6. Re1 d5 7. Bxd5 Qxd5 8.
Nc3 Qa5 9. Nxe4 Be6 10. Neg5 O-O-O 11. Nxe6 fxe6 12. Rxe6 Bd6 13. Bg5 Rde8 14.
Qe1 Qxe1+ 15. Raxe1 Kd7 16. Rxe8 Rxe8 17. Rxe8 Kxe8 18. Kf1 Kd7 19. Ke2 Ke6 20.
a3 Kd5 21. Kd3 Ne5+ 22. Nxe5 Bxe5 23. b4 b6 24. b5 Bd6 25. a4 Be5 26. Bc1 c6
27. bxc6 Kxc6 28. Ke4 Bf6 29. Ba3 h5 30. g3 a5 31. h3 b5 32. axb5+ Kxb5 33. Kd5
Ka4 34. Bd6 d3 35. cxd3 Kb3 36. d4 Kc3 37. Bc5 Kd3 38. g4 hxg4 39. hxg4 g5 40.
Bd6 a4 41. Kc6 Bxd4 42. Kb5 Bxf2 1/2-1/2

[Event "XXVIII Festival Conca della Presolana A"]
[Site "Bratto - Castione della Presolana ITA"]
[Date "2008.08.26"]
[Round "5"]
[White "Drazic, Sinisa"]
[Black "Piscopo, Pierluigi"]
[Result "1/2-1/2"]
[WhiteElo "2505"]
[BlackElo "2389"]
[PlyCount "141"]
[EventDate "2008.08.22"]

1. e4 c5 2. Nf3 d6 3. d4 cxd4 4. Nxd4 Nf6 5. Nc3 Bd7 6. Bg5 h6 7. Bxf6 gxf6 8.
Qh5 e6 9. Bc4 Qc8 10. Bb3 Qc5 11. Nf5 Nc6 12. O-O-O Rh7 13. Nb5 exf5 14. Nc7+
Kd8 15. Nxa8 fxe4 16. Qxc5 dxc5 17. Rhe1 f5 18. f3 Kc8 19. fxe4 fxe4 20. Rxe4
Nd4 21. Bd5 h5 22. b4 Bh6+ 23. Kb1 Bf5 24. bxc5 Bxe4 25. Bxe4 f5 26. Bd5 Nc6
27. Be6+ Kb8 28. Bxf5 Rh8 29. Nb6 axb6 30. cxb6 Be3 31. Be4 Bxb6 32. Rd7 Bc7
33. h3 Ne5 34. Rg7 Re8 35. a4 Nc4 36. Bd5 Re1+ 37. Ka2 Nd2 38. c3 Re2 39. Rg8+
Ka7 40. Rg7 Ne4+ 41. Kb3 Nc5+ 42. Kc4 Bd6 43. Bf3 Re3 44. Rg5 h4 45. Rh5 Be7
46. Kd4 Re1 47. Kc4 Nd7 48. Kb3 Ne5 49. Bd5 Nd3 50. Rh7 Kb6 51. Kc4 Ne5+ 52.
Kb3 Nd7 53. Bf3 Re5 54. Rh6+ Kc7 55. Rh7 Nc5+ 56. Ka3 Nd3+ 57. Kb3 Ne1 58. Rf7
Nxf3 59. Rxf3 Re2 60. g3 hxg3 61. Rxg3 Kc6 62. Rf3 Re4 63. Rf7 b6 64. Rf3 Kd5
65. Rf5+ Ke6 66. Rh5 Bf6 67. a5 bxa5 68. Rxa5 Re3 69. Ra6+ Kf5 70. Rc6 Rxh3 71.
Rc4 1/2-1/2

[Event "XXVIII Festival Conca della Presolana A"]
[Site "Bratto - Castione della Presolana ITA"]
[Date "2008.08.26"]
[Round "5"]
[White "Efimov, Igor"]
[Black "Piasetski, Leon David"]
[Result "0-1"]
[WhiteElo "2458"]
[BlackElo "2314"]
[PlyCount "86"]
[EventDate "2008.08.22"]

1. d4 c5 2. c3 Nf6 3. Nf3 Na6 4. e3 b6 5. Bd3 Bb7 6. O-O g6 7. Qe2 Qc8 8. a3
Ne4 9. d5 f5 10. c4 e6 11. Bxe4 fxe4 12. Nfd2 exd5 13. Nc3 dxc4 14. Ndxe4 Qc6
15. Nd5 O-O-O 16. Nec3 b5 17. e4 Re8 18. Qc2 b4 19. Ne2 Nc7 20. Rd1 Nxd5 21.
exd5 Qa6 22. Be3 b3 23. Qc3 Bd6 24. Rac1 Be5 25. Qxc4 Qxc4 26. Rxc4 d6 27. Nc3
Ba6 28. Ra4 Kb7 29. Rc1 Bd3 30. h3 a6 31. Bf4 Rhf8 32. Bxe5 Rxe5 33. f3 Rfe8
34. Rf4 Re1+ 35. Rxe1 Rxe1+ 36. Kf2 Rc1 37. Rf7+ Kb6 38. Ne4 Bxe4 39. fxe4 c4
40. Rf8 Kc5 41. Ke3 Re1+ 42. Kd2 Rxe4 43. Ra8 Rd4+ 0-1

[Event "XXVIII Festival Conca della Presolana A"]
[Site "Bratto - Castione della Presolana ITA"]
[Date "2008.08.26"]
[Round "5"]
[White "Fierro Baquero, Martha Lorena"]
[Black "Pesce, Gabriele"]
[Result "1/2-1/2"]
[WhiteElo "2379"]
[BlackElo "2102"]
[PlyCount "134"]
[EventDate "2008.08.22"]

1. e4 c5 2. Nc3 Nc6 3. Bb5 g6 4. Bxc6 dxc6 5. d3 e5 6. f4 f6 7. Nf3 Bg7 8. O-O
exf4 9. Bxf4 Nh6 10. Qd2 Nf7 11. a4 a5 12. Qf2 b6 13. d4 cxd4 14. Rad1 O-O 15.
Nxd4 Qe8 16. Bc7 Ra6 17. Nb3 Bg4 18. Rde1 Ne5 19. Bxb6 Nc4 20. Bc5 Rf7 21. h3
Be6 22. Nd1 Ne5 23. Ne3 Bxb3 24. cxb3 Nd3 25. Qc2 Nxe1 26. Rxe1 Bf8 27. Bd4 Qe6
28. Ng4 Ra8 29. Rf1 Bg7 30. Qc3 Re8 31. Bxf6 h5 32. Bxg7 hxg4 33. Rxf7 Qxf7 34.
Bh6 Rxe4 35. hxg4 Rxg4 36. Qxc6 Qa7+ 37. Kf1 Kh7 38. Be3 Qf7+ 39. Kg1 Rb4 40.
Qc8 Qe7 41. Qh3+ Rh4 42. Qg3 Rh5 43. Bd4 Qd7 44. Qf4 Qe7 45. Bc3 Qa7+ 46. Qd4
Qxd4+ 47. Bxd4 Rf5 48. Bc3 Kg8 49. g3 Kf7 50. b4 axb4 51. Bxb4 Rg5 52. Be1 Rc5
53. Bc3 Ke6 54. Kf2 Kd5 55. Ke3 Rc4 56. a5 Ra4 57. Kf3 Kc6 58. g4 Kb5 59. Kg3
Rc4 60. Kh4 Rc5 61. Bf6 Rd5 62. Bc3 Rc5 63. Kg3 Rc4 64. Kf3 Ka6 65. Be1 Kb5 66.
Bd2 Rd4 67. Bc3 Rc4 1/2-1/2

[Event "XXVIII Festival Conca della Presolana A"]
[Site "Bratto - Castione della Presolana ITA"]
[Date "2008.08.26"]
[Round "5"]
[White "Galli, Fabio"]
[Black "Bernardi, Ruben"]
[Result "0-1"]
[WhiteElo "2070"]
[BlackElo "2140"]
[PlyCount "60"]
[EventDate "2008.08.22"]

1. e4 c5 2. c4 Nc6 3. Nc3 e6 4. g3 Nge7 5. Bg2 g6 6. Nge2 Bg7 7. O-O O-O 8. d3
Nd4 9. Nxd4 cxd4 10. Ne2 d5 11. exd5 exd5 12. cxd5 Nxd5 13. Nf4 Ne7 14. b3 Nc6
15. Be4 Rb8 16. Ba3 Re8 17. Rc1 Ne5 18. Nd5 Bg4 19. Qc2 Nf3+ 20. Kg2 Ng5 21.
Kg1 Rxe4 22. f3 Re5 23. Ne7+ Rxe7 24. Bxe7 Bxf3 25. Rxf3 Qxe7 26. Rf4 Ne6 27.
Rf2 Qd7 28. Qc4 Bh6 29. Rcf1 b5 30. Rxf7 Qxf7 0-1

[Event "XXVIII Festival Conca della Presolana A"]
[Site "Bratto - Castione della Presolana ITA"]
[Date "2008.08.26"]
[Round "5"]
[White "Gallucci, Alessio"]
[Black "De Santis, Alessio"]
[Result "1-0"]
[WhiteElo "2152"]
[BlackElo "2295"]
[PlyCount "105"]
[EventDate "2008.08.22"]

1. e4 e6 2. d4 d5 3. Nc3 Nf6 4. e5 Nfd7 5. f4 c5 6. Nf3 Nc6 7. Be3 a6 8. Ne2
Be7 9. h4 b5 10. g3 Qc7 11. Bh3 Nb6 12. b3 c4 13. O-O Bd7 14. Ng5 g6 15. g4 h6
16. Nxf7 Kxf7 17. f5 gxf5 18. gxf5 Rag8+ 19. Kh1 exf5 20. e6+ Ke8 21. exd7+
Nxd7 22. Nf4 Nf6 23. Bxf5 Bb4 24. Bg6+ Kd7 25. Bf5+ Ke8 26. Bg6+ Kd7 27. h5 Ne7
28. Qf3 Qd6 29. bxc4 bxc4 30. Rab1 Ba5 31. Bg1 Bc7 32. Bh2 Kc6 33. Rf2 Rb8 34.
Re1 Ne4 35. Bxe4 dxe4 36. Qxe4+ Kd7 37. Ng6 Qd5 38. Nxh8 Bxh2 39. Ng6 Bg3 40.
Rg2 Qxe4 41. Rxe4 Bd6 42. Nxe7 Bxe7 43. Rg7 Re8 44. Kg2 Kd8 45. Rgxe7 Rxe7 46.
Rxe7 Kxe7 47. Kf3 Kf6 48. Kf4 a5 49. a4 c3 50. d5 Ke7 51. Ke4 Kd7 52. Kd3 Kd6
53. Kd4 1-0

[Event "XXVIII Festival Conca della Presolana A"]
[Site "Bratto - Castione della Presolana ITA"]
[Date "2008.08.26"]
[Round "5"]
[White "Garano, Nicola"]
[Black "Madiai, Federico"]
[Result "1-0"]
[WhiteElo "2265"]
[BlackElo "2066"]
[PlyCount "53"]
[EventDate "2008.08.22"]

1. e4 e5 2. Nf3 Nc6 3. Bb5 Nf6 4. O-O Nxe4 5. Re1 Nd6 6. Nxe5 Nxe5 7. Rxe5+ Be7
8. Bd3 O-O 9. Nc3 Bf6 10. Re3 Bd4 11. Bxh7+ Kxh7 12. Qh5+ Kg8 13. Rh3 f5 14.
Ne2 Qe8 15. Qh7+ Kf7 16. Kf1 Bxf2 17. d3 Qe6 18. Rh6 Qe5 19. Qg6+ Kg8 20. Qh7+
Kf7 21. Kxf2 f4 22. Bxf4 Ke8 23. Rh3 g5 24. Re3 Qxe3+ 25. Kxe3 gxf4+ 26. Nxf4
Nf5+ 27. Kd2 1-0

[Event "XXVIII Festival Conca della Presolana A"]
[Site "Bratto - Castione della Presolana ITA"]
[Date "2008.08.26"]
[Round "5"]
[White "Klip, Hans"]
[Black "Sax, Gyula"]
[Result "1/2-1/2"]
[WhiteElo "2390"]
[BlackElo "2506"]
[PlyCount "53"]
[EventDate "2008.08.22"]

1. e4 g6 2. d4 Bg7 3. Nc3 d6 4. Be3 a6 5. Qd2 b5 6. f3 Bb7 7. a4 b4 8. Na2 a5
9. c3 bxc3 10. Nxc3 Nd7 11. Rc1 Ngf6 12. Bh6 O-O 13. Bxg7 Kxg7 14. Nh3 c5 15.
d5 Qb6 16. Nf2 e6 17. dxe6 fxe6 18. Bb5 Rad8 19. O-O d5 20. exd5 exd5 21. Rfe1
Rf7 22. Rcd1 d4 23. Nce4 Nxe4 24. Nxe4 Bxe4 25. Rxe4 Nf6 26. Re5 Qc7 27. Re6
1/2-1/2

[Event "XXVIII Festival Conca della Presolana A"]
[Site "Bratto - Castione della Presolana ITA"]
[Date "2008.08.26"]
[Round "5"]
[White "Lampl, Gerald"]
[Black "Mazzariol, Oscar"]
[Result "1-0"]
[WhiteElo "2155"]
[BlackElo "2080"]
[PlyCount "91"]
[EventDate "2008.08.22"]

1. d4 Nf6 2. c4 g6 3. Nf3 Bg7 4. g3 O-O 5. Bg2 d6 6. Nc3 Nbd7 7. O-O e5 8. Qc2
c6 9. Rd1 Re8 10. h3 Qc7 11. Rb1 e4 12. Ne1 d5 13. Bf4 Qb6 14. cxd5 Nxd5 15.
Nxe4 Nxf4 16. gxf4 Bxd4 17. Qc4 Bg7 18. Nd6 Re7 19. Nf3 Nf6 20. Nxc8 Rxc8 21.
Ne5 Rd8 22. Rxd8+ Qxd8 23. e3 Nd7 24. Rd1 Qc7 25. Nxf7 Rxf7 26. Bd5 Nb6 27.
Bxf7+ Qxf7 28. Rd8+ Bf8 29. Qxf7+ Kxf7 30. Rb8 h5 31. Rxb7+ Ke6 32. Rxa7 Nc4
33. b3 Nd2 34. Rc7 c5 35. Kg2 Be7 36. f3 c4 37. bxc4 Kd6 38. Rc8 Kd7 39. Rg8
Nxc4 40. e4 Bd6 41. Rg7+ Ke8 42. e5 Ne3+ 43. Kh2 Bc5 44. Rxg6 Kf7 45. Rg5 h4
46. e6+ 1-0

[Event "XXVIII Festival Conca della Presolana A"]
[Site "Bratto - Castione della Presolana ITA"]
[Date "2008.08.26"]
[Round "5"]
[White "Leburgue, Sylvain"]
[Black "Scotti, Umberto"]
[Result "1/2-1/2"]
[WhiteElo "2168"]
[BlackElo "2172"]
[PlyCount "132"]
[EventDate "2008.08.22"]

1. e4 e6 2. d4 d5 3. Nc3 Nf6 4. Bg5 dxe4 5. Nxe4 Be7 6. Bxf6 Bxf6 7. Nf3 Nd7 8.
Bc4 O-O 9. c3 e5 10. d5 Nb6 11. Bb3 Bf5 12. Qd3 Nd7 13. Nxf6+ Qxf6 14. Qe3 Rfe8
15. O-O Nf8 16. Rfe1 Ng6 17. Qg5 Qxg5 18. Nxg5 h6 19. Ne4 Nf4 20. Rad1 Rad8 21.
Nc5 Bc8 22. c4 b6 23. Nd3 Nxd3 24. Rxd3 Bd7 25. Rde3 f6 26. Bc2 Kf7 27. b4 g6
28. h4 Bf5 29. Bxf5 gxf5 30. f4 e4 31. Ra3 Ra8 32. Ra6 e3 33. c5 Rad8 34. Rxa7
bxc5 35. Rxc7+ Kg6 36. Rxc5 Ra8 37. Re2 Re4 38. b5 Rxf4 39. d6 Rd4 40. Rxe3
Rxa2 41. Rg3+ Kf7 42. Rc7+ Ke6 43. d7 f4 44. Rg7 Rd1+ 45. Kh2 Raa1 46. Kh3 h5
47. Rc6+ Kf5 48. Rc5+ Ke6 49. Rc6+ Kf5 50. Rc5+ Ke6 51. Rxh5 Ra3+ 52. Kh2 Raa1
53. Kh3 Ra3+ 54. Kh2 Raa1 55. d8=N+ Rxd8 56. Rb7 Rdd1 57. Rb6+ Kf7 58. Kh3 Ra3+
59. Kh2 Raa1 60. Kh3 Ra3+ 61. Kg4 Ra4 62. Rf5 f3+ 63. Kg3 fxg2 64. Rbxf6+ Ke7
65. Kxg2 Rxh4 66. b6 Rb4 1/2-1/2

[Event "XXVIII Festival Conca della Presolana A"]
[Site "Bratto - Castione della Presolana ITA"]
[Date "2008.08.26"]
[Round "5"]
[White "Leon Hoyos, Manuel"]
[Black "Bruno, Fabio"]
[Result "1-0"]
[WhiteElo "2543"]
[BlackElo "2453"]
[PlyCount "79"]
[EventDate "2008.08.22"]

1. e4 e6 2. d3 d5 3. Nd2 c5 4. Ngf3 Nc6 5. g3 Nf6 6. Bg2 b6 7. O-O Bb7 8. Re1
Be7 9. e5 Nd7 10. c4 Nf8 11. a3 Qd7 12. h4 Rd8 13. b3 h5 14. Bb2 d4 15. Nh2 g5
16. hxg5 Bxg5 17. Bc1 Be7 18. f4 Qc7 19. Ne4 Kd7 20. b4 Kc8 21. bxc5 Bxc5 22.
Nxc5 bxc5 23. Rb1 Nd7 24. Nf3 Nb6 25. Ng5 Ne7 26. Ne4 Nf5 27. a4 Bxe4 28. Bxe4
Rdg8 29. a5 Nxg3 30. Bg2 Nd7 31. Kf2 Nf5 32. Be4 Qd8 33. Rh1 Qxa5 34. Bd2 Qc7
35. Rb7 Qxb7 36. Bxb7+ Kxb7 37. Qf3+ Kb8 38. Ba5 Nb6 39. Bxb6 Ne3 40. Bxc5 1-0

[Event "XXVIII Festival Conca della Presolana A"]
[Site "Bratto - Castione della Presolana ITA"]
[Date "2008.08.26"]
[Round "5"]
[White "Lucaroni, Massimiliano"]
[Black "Osuna Munoz, Xavier"]
[Result "1-0"]
[WhiteElo "2289"]
[BlackElo "2093"]
[PlyCount "80"]
[EventDate "2008.08.22"]

1. e4 e6 2. Nf3 d5 3. e5 c5 4. b4 d4 5. bxc5 Bxc5 6. a4 Ne7 7. Na3 O-O 8. Bd3
Nbc6 9. Bxh7+ Kxh7 10. Ng5+ Kg6 11. h4 Qd5 12. h5+ Kh6 13. d3 Qxg2 14. Nf3+ Kh7
15. Rg1 Bb4+ 16. Ke2 Nd5 17. Nb5 Qxg1 18. Qxg1 a6 19. Nd6 Nxe5 20. h6 g6 21.
Ng5+ Kh8 22. Ngxf7+ Kh7 23. Nxe5 Rg8 24. Ndf7 Be7 25. Ba3 Bf6 26. Ng5+ Bxg5 27.
Qxg5 b5 28. Bc5 Bb7 29. Bxd4 Raf8 30. Nd7 Rf5 31. Qg3 Nf4+ 32. Kd2 Kxh6 33.
axb5 axb5 34. Nf6 Rf8 35. Ra7 Rf7 36. Ng4+ Kh5 37. Ne3 g5 38. Qh2+ Kg6 39. Nxf5
exf5 40. Qh8 Ne6 1-0

[Event "XXVIII Festival Conca della Presolana A"]
[Site "Bratto - Castione della Presolana ITA"]
[Date "2008.08.26"]
[Round "5"]
[White "Manca, Federico"]
[Black "Colovic, Aleksandar"]
[Result "0-1"]
[WhiteElo "2367"]
[BlackElo "2470"]
[PlyCount "41"]
[EventDate "2008.08.22"]

1. e4 c5 2. c3 Nf6 3. e5 Nd5 4. d4 cxd4 5. Nf3 e6 6. cxd4 d6 7. Bc4 Nb6 8. Bb3
dxe5 9. Nxe5 Nc6 10. Nf3 Be7 11. Nc3 Bf6 12. Be3 Na5 13. Bc2 Nac4 14. Bc1 Bd7
15. O-O Bc6 16. a4 Qc8 17. Ne4 Bxe4 18. Bxe4 Nd6 19. Bd3 O-O 20. Qb3 Nbc4 21.
Bf4 {...} 0-1

[Event "XXVIII Festival Conca della Presolana A"]
[Site "Bratto - Castione della Presolana ITA"]
[Date "2008.08.26"]
[Round "5"]
[White "Manfredi, Vincenzo"]
[Black "Pascucci, Marco"]
[Result "1-0"]
[WhiteElo "2204"]
[BlackElo "2009"]
[PlyCount "45"]
[EventDate "2008.08.22"]

1. Nf3 Nf6 2. c4 d6 3. Nc3 e5 4. d4 exd4 5. Nxd4 Be7 6. g3 Nc6 7. Bg2 Bd7 8.
O-O O-O 9. b3 Re8 10. Bb2 Nxd4 11. Qxd4 Bc6 12. Nd5 Bxd5 13. cxd5 Bf8 14. Rfe1
Qd7 15. Rac1 a5 16. Qc4 Re7 17. Bxf6 gxf6 18. Qh4 Bg7 19. Bh3 f5 20. Bxf5 Qxf5
21. Qxe7 Bd4 22. e3 Bb6 23. Rc4 1-0

[Event "XXVIII Festival Conca della Presolana A"]
[Site "Bratto - Castione della Presolana ITA"]
[Date "2008.08.26"]
[Round "5"]
[White "Martinez, Rolly"]
[Black "Spassov, Liuben D."]
[Result "0-1"]
[WhiteElo "2441"]
[BlackElo "2428"]
[PlyCount "75"]
[EventDate "2008.08.22"]

1. e4 c6 2. d4 d5 3. exd5 cxd5 4. c4 Nf6 5. Nc3 e6 6. Nf3 Bb4 7. cxd5 Nxd5 8.
Qc2 Nc6 9. Be2 O-O 10. O-O Re8 11. Rd1 Nce7 12. a3 Ba5 13. Ng5 Ng6 14. h4 h6
15. Nxf7 Kxf7 16. Bh5 Nde7 17. Rd3 Kg8 18. Bxh6 gxh6 19. Bxg6 Rf8 20. Rg3 Kh8
21. Qd2 Ng8 22. Bc2 Qe7 23. Re1 Qf7 24. Ree3 Bc7 25. Rgf3 Qe7 26. Rxf8 Qxf8 27.
Rf3 Qg7 28. Nb5 Bb8 29. h5 Ne7 30. Qd3 Nf5 31. d5 a6 32. dxe6 Bxe6 33. Qd8+ Bg8
34. g3 Nxg3 35. Rf8 Ne4+ 36. Kf1 Bd6 37. Qb6 axb5 38. Bxe4 0-1

[Event "XXVIII Festival Conca della Presolana A"]
[Site "Bratto - Castione della Presolana ITA"]
[Date "2008.08.26"]
[Round "5"]
[White "Matamoros Franco, Carlos S."]
[Black "Borgo, Giulio"]
[Result "1-0"]
[WhiteElo "2508"]
[BlackElo "2442"]
[PlyCount "75"]
[EventDate "2008.08.22"]

1. Nf3 Nf6 2. c4 e6 3. g3 d5 4. Bg2 dxc4 5. Qa4+ c6 6. Qxc4 b5 7. Qc2 Bb7 8. d4
Nbd7 9. Ne5 Nxe5 10. dxe5 Nd5 11. O-O Be7 12. Nd2 Qb8 13. Qe4 c5 14. Nf3 O-O
15. Qg4 Rc8 16. h4 Rc7 17. Ng5 Bxg5 18. Bxg5 Kh8 19. Rac1 Nb6 20. Rfd1 Rc8 21.
Bxb7 Qxb7 22. b3 c4 23. Be3 cxb3 24. axb3 Nd5 25. Bc5 b4 26. Rc4 a5 27. e4 Nc3
28. Rdd4 h6 29. Qf3 Nb5 30. Rd3 Kg8 31. g4 Na3 32. Rcd4 Rc7 33. g5 Re8 34. gxh6
Qc8 35. Qg4 f5 36. exf6 e5 37. Rd7 Rxd7 38. Rxd7 1-0

[Event "XXVIII Festival Conca della Presolana A"]
[Site "Bratto - Castione della Presolana ITA"]
[Date "2008.08.26"]
[Round "5"]
[White "Narayanan, Srinath"]
[Black "Horvath, Csaba"]
[Result "1/2-1/2"]
[WhiteElo "2220"]
[BlackElo "2537"]
[PlyCount "51"]
[EventDate "2008.08.22"]

1. e4 g6 2. d4 Bg7 3. Nc3 d6 4. Be3 a6 5. f4 b5 6. Nf3 Bb7 7. Bd3 Nd7 8. e5 Nh6
9. Qe2 c5 10. exd6 O-O 11. Be4 Bxe4 12. Nxe4 exd6 13. dxc5 Nxc5 14. Bxc5 dxc5
15. O-O Re8 16. Rad1 Qc7 17. Ne5 f6 18. Rd7 Qc8 19. Qd2 fxe5 20. f5 Nxf5 21.
Rxf5 gxf5 22. Rxg7+ Kxg7 23. Qg5+ Kh8 24. Qf6+ Kg8 25. Qg5+ Kh8 26. Qf6+
1/2-1/2

[Event "XXVIII Festival Conca della Presolana A"]
[Site "Bratto - Castione della Presolana ITA"]
[Date "2008.08.26"]
[Round "5"]
[White "Oppici, Gabriele"]
[Black "D'Apa, Matteo"]
[Result "0-1"]
[WhiteElo "2055"]
[BlackElo "2095"]
[PlyCount "100"]
[EventDate "2008.08.22"]

1. Nc3 e5 2. Nf3 Nc6 3. d4 exd4 4. Nxd4 Bb4 5. Nxc6 Bxc3+ 6. bxc3 bxc6 7. Qd4
Qf6 8. e4 d6 9. Rb1 Ne7 10. Qxf6 gxf6 11. Bd3 f5 12. O-O fxe4 13. Bxe4 Bf5 14.
Bd3 Kd7 15. Re1 Be6 16. Bg5 h6 17. Bxe7 Kxe7 18. Bf5 Kd7 19. Bxe6+ fxe6 20. Re3
Rab8 21. Rb3 e5 22. Rg3 Rbg8 23. Rxg8 Rxg8 24. Kf1 d5 25. Ra3 Ra8 26. Ra4 Rb8
27. Ke2 c5 28. Rxa7 c4 29. Ra6 c6 30. Ra7+ Kd6 31. Rh7 Rb2 32. Rxh6+ Kc5 33.
Kd2 d4 34. cxd4+ exd4 35. Kc1 Rxa2 36. Kb1 d3 37. cxd3 cxd3 38. Rh3 Rd2 39. Kc1
Rc2+ 40. Kb1 Kc4 41. Rf3 Rc3 42. Kb2 Rc2+ 43. Kb1 Re2 44. Kc1 Kc3 45. Kb1 Re1+
46. Ka2 Kc2 47. Rf6 c5 48. Rc6 Re5 49. Rb6 c4 50. Rb2+ Kc3 0-1

[Event "XXVIII Festival Conca della Presolana A"]
[Site "Bratto - Castione della Presolana ITA"]
[Date "2008.08.26"]
[Round "5"]
[White "Pagnoncelli, Marco"]
[Black "Ranfagni, Stefano"]
[Result "1/2-1/2"]
[WhiteElo "2126"]
[BlackElo "2049"]
[PlyCount "51"]
[EventDate "2008.08.22"]

1. e4 e5 2. Nc3 Nc6 3. g3 g6 4. Bg2 Bg7 5. Nge2 Nge7 6. Nd5 Nxd5 7. exd5 Ne7 8.
d4 d6 9. O-O O-O 10. dxe5 Bxe5 11. Bh6 Re8 12. Nd4 Nf5 13. Nxf5 Bxf5 14. c3 Qd7
15. h4 Bg4 16. Bf3 Bxf3 17. Qxf3 Bg7 18. Bxg7 Kxg7 19. Kg2 Re5 20. c4 Rae8 21.
Qc3 f6 22. Rfe1 Qf5 23. Rxe5 fxe5 24. Re1 Rf8 25. f3 h5 26. Re4 1/2-1/2

[Event "XXVIII Festival Conca della Presolana A"]
[Site "Bratto - Castione della Presolana ITA"]
[Date "2008.08.26"]
[Round "5"]
[White "Parodi, Alessandro"]
[Black "Castelfranchi, Carlo"]
[Result "1-0"]
[WhiteElo "2053"]
[BlackElo "2088"]
[PlyCount "59"]
[EventDate "2008.08.22"]

1. d4 Nf6 2. c4 e5 3. Nf3 e4 4. Ng5 h6 5. Nh3 d5 6. cxd5 Bxh3 7. gxh3 Bb4+ 8.
Bd2 Bxd2+ 9. Nxd2 e3 10. Qa4+ c6 11. fxe3 Nxd5 12. Nf3 Nxe3 13. Kf2 Qe7 14. Qb3
Nd5 15. e4 Nf6 16. Bd3 O-O 17. Rad1 Nbd7 18. Rhg1 Nh5 19. Bb1 c5 20. Qe3 Kh8
21. Rxg7 Nxg7 22. Qxh6+ Kg8 23. e5 f5 24. Ng5 Ne8 25. Rg1 Nxe5 26. dxe5 Qg7 27.
Ne6 Qxg1+ 28. Kxg1 Rf7 29. Bxf5 Rc8 30. Bh7+ 1-0

[Event "XXVIII Festival Conca della Presolana A"]
[Site "Bratto - Castione della Presolana ITA"]
[Date "2008.08.26"]
[Round "5"]
[White "Piemonti, Carlo"]
[Black "Davi, Alessandro"]
[Result "0-1"]
[WhiteElo "2051"]
[BlackElo "2009"]
[PlyCount "112"]
[EventDate "2008.08.22"]

1. e4 c6 2. d4 d5 3. exd5 cxd5 4. Bd3 Nc6 5. c3 Nf6 6. Bf4 Bg4 7. Qb3 Qd7 8.
Nd2 e6 9. Ngf3 a6 10. O-O Be7 11. Ne5 Qc8 12. Nxg4 Nxg4 13. Nf3 O-O 14. Rae1
Nf6 15. Bb1 b5 16. a3 Qb7 17. Qc2 g6 18. Qd3 a5 19. Ng5 Nh5 20. Bc1 b4 21. g4
Nf6 22. axb4 axb4 23. h4 Nxg4 24. h5 Bxg5 25. Bxg5 f6 26. Qh3 f5 27. hxg6 Rae8
28. f3 Nf6 29. Bh6 hxg6 30. Bxf8 Kxf8 31. Qh6+ Kf7 32. Qe3 Qc7 33. Rf2 Qd6 34.
Rg2 Rg8 35. Bd3 bxc3 36. bxc3 Nh5 37. Bb5 Nf4 38. Rh2 Nh5 39. Bxc6 Qxc6 40. Qe5
Re8 41. Ra2 Qxc3 42. Ra7+ Kg8 43. Kf2 Qd2+ 44. Re2 Qg5 45. Qc7 Qf6 46. Qh7+ Kf8
47. Qh6+ Kg8 48. Ke3 e5 49. Kd2 e4 50. Ke1 Ng7 51. Rh2 exf3+ 52. Kf1 Re7 53.
Ra8+ Ne8 54. Rha2 Qe6 55. Qh4 Qe3 56. Qg3 Qc1+ 0-1

[Event "XXVIII Festival Conca della Presolana A"]
[Site "Bratto - Castione della Presolana ITA"]
[Date "2008.08.26"]
[Round "5"]
[White "Podini, Francesco"]
[Black "De Florio, Federico"]
[Result "1-0"]
[WhiteElo "2051"]
[BlackElo "2106"]
[PlyCount "109"]
[EventDate "2008.08.22"]

1. e4 c6 2. c4 d5 3. cxd5 cxd5 4. exd5 Nf6 5. Nc3 Nxd5 6. Nf3 Nc6 7. Bc4 e6 8.
O-O Be7 9. d4 O-O 10. Re1 Nb6 11. Bb3 Bf6 12. Be3 g6 13. Ne4 Bg7 14. Qd2 a5 15.
a3 a4 16. Ba2 Nd5 17. Bh6 b6 18. Rac1 Bb7 19. Bxg7 Kxg7 20. h4 h6 21. h5 g5 22.
Ne5 Nxe5 23. dxe5 Nf4 24. Nd6 Bxg2 25. Bb1 Ra5 26. Rc3 Rc5 27. Rg3 f6 28. Qxf4
fxe5 29. Qe3 Qxd6 30. Rxg2 Rf4 31. Rg3 Qd4 32. Qe2 e4 33. Bxe4 Re5 34. Re3 Rh4
35. Rd1 Qc5 36. Rd7+ Kf6 37. Bg6 Qc1+ 38. Rd1 Qc6 39. Qf3+ Qxf3 40. Rxf3+ Rf4
41. Rxf4+ gxf4 42. Rd4 Kg5 43. Rxa4 Kg4 44. Kg2 Re2 45. Rb4 e5 46. Be4 Re1 47.
Rxb6 Kxh5 48. Kf3 Kg5 49. Rg6+ Kh5 50. Re6 Kh4 51. Rxh6+ Kg5 52. Rg6+ Kh4 53.
Rh6+ Kg5 54. Rg6+ Kh4 55. b4 1-0